| 000 | 00406cam a2200157ua 4500 | ||
|---|---|---|---|
| 020 | _c3.90 | ||
| 041 |
_aeng _h |
||
| 082 |
_a591.1 _bNIE/AN |
||
| 100 | _aNielson, Knut Schnidt . | ||
| 245 |
_aAnimal physiology / _cKnut Schnidt Nielson. _hTextual Documents |
||
| 260 |
_a : _bPrentice Hall of India Pvt Ltd. , _c1963. |
||
| 300 | _a118 ; . | ||
| 365 | _a3.90 | ||
| 942 | _cBK | ||
| 999 |
_c9274 _d9274 |
||